| 000 | 00498cam a22001337a 4500 | ||
|---|---|---|---|
| 008 | 180718b1970 xxu||||| |||| 00| 0 eng d | ||
| 082 | _aI9203x54 In2b/1969 | ||
| 100 | _aIndia. Joint Committee on the Commissions of Inquiry (Amendment) Bill | ||
| 245 |
_aJoint Committee on the Commissions of Inquiry (Amendment) Bill, 1969 _cby Lok Sabha Secretariat |
||
| 260 |
_aNew Delhi _bLok Sabha Secretariat _c1970 |
||
| 300 | _a36+p. | ||
| 500 | _aChairman: N.K.P. Salve | ||
| 700 | _aSalve, N.K.P. (Chairman) | ||
| 999 |
_c489307 _d489307 |
||